Country Transits: same distance from Lesotho, South Korea, Sweden - Statistics

General Stats
  • This quiz has been taken 133 times
  • The average score is 3 of 5
Answer Stats
Country Transits Distance Country % Correct
7 Egypt
97%
8 Algeria
61%
10 Gambia
39%
9 Senegal
36%
10 Guinea-Bissau
28%
No matching quizzes found
Score Distribution
Percent of People with Each Score
Percentile by Number Answered
Your Score History
You have not taken this quiz